000 00368nam a2200145Ia 4500
008 230917s9999||||xx |||||||||||||| ||und||
040 _e39220
_aMAIN
041 _aEnglish
082 _a954.5 F272H
100 _aFauja Singh, ed
245 0 _aHistorians and historiography of the Sikhs
260 _aNew Delhi
_bOriental
_c1978
300 _ax, 296 p.
942 _cBK
999 _c182765
_d182765